The McGraw-Hill civil engineering PE exam depth guide: water resources. / (Record no. 6746)

MARC details
000 -LEADER
fixed length control field 01464cam a22003377a 4500
001 - CONTROL NUMBER
control field 12479382
003 - CONTROL NUMBER IDENTIFIER
control field OSt
005 - DATE AND TIME OF LATEST TRANSACTION
control field 20210414114617.0
008 - FIXED-LENGTH DATA ELEMENTS--GENERAL INFORMATION
fixed length control field 010723s2001 nyua 001 0 eng d
010 ## - LIBRARY OF CONGRESS CONTROL NUMBER
LC control number 2001270084
020 ## - INTERNATIONAL STANDARD BOOK NUMBER
International Standard Book Number 0071361839
035 ## - SYSTEM CONTROL NUMBER
System control number (OCoLC)ocm46956980
040 ## - CATALOGING SOURCE
Original cataloging agency LPU
Transcribing agency LPU
Modifying agency DLC
042 ## - AUTHENTICATION CODE
Authentication code lccopycat
050 00 - LIBRARY OF CONGRESS CALL NUMBER
Classification number TC157.5.N98
Item number
082 00 - DEWEY DECIMAL CLASSIFICATION NUMBER
Classification number 627/.076
Edition number 21
100 1# - MAIN ENTRY--PERSONAL NAME
Personal name Nzewi, Emmanuel U.
245 14 - TITLE STATEMENT
Title The McGraw-Hill civil engineering PE exam depth guide: water resources. /
Statement of responsibility, etc. Emmanuel U. Nzewi.
260 ## - PUBLICATION, DISTRIBUTION, ETC.
Place of publication, distribution, etc. New York :
Name of publisher, distributor, etc. McGraw-Hill,
Date of publication, distribution, etc. 2001.
300 ## - PHYSICAL DESCRIPTION
Extent ix + various pagings :
Other physical details ill. ;
Dimensions 24 cm.
500 ## - GENERAL NOTE
General note Includes appendix and index.
505 ## - FORMATTED CONTENTS NOTE
Formatted contents note Contents: Fundamental concepts and properties of fluids -- Fluid statics -- Fluid dynamics and applied hydraulics -- Engineering hydrology -- Groundwater Hydraulics.
650 #0 - SUBJECT ADDED ENTRY--TOPICAL TERM
Topical term or geographic name entry element Hydraulic engineering
Form subdivision Examinations, questions, etc.
650 #0 - SUBJECT ADDED ENTRY--TOPICAL TERM
Topical term or geographic name entry element Fluid mechanics
Form subdivision Examinations, questions, etc.
856 42 - ELECTRONIC LOCATION AND ACCESS
Materials specified Contributor biographical information
Uniform Resource Identifier <a href="http://www.loc.gov/catdir/bios/mh041/2001270084.html">http://www.loc.gov/catdir/bios/mh041/2001270084.html</a>
856 42 - ELECTRONIC LOCATION AND ACCESS
Materials specified Publisher description
Uniform Resource Identifier <a href="http://www.loc.gov/catdir/description/mh024/2001270084.html">http://www.loc.gov/catdir/description/mh024/2001270084.html</a>
856 41 - ELECTRONIC LOCATION AND ACCESS
Materials specified Table of contents
Uniform Resource Identifier <a href="http://www.loc.gov/catdir/toc/mh023/2001270084.html">http://www.loc.gov/catdir/toc/mh023/2001270084.html</a>
906 ## - LOCAL DATA ELEMENT F, LDF (RLIN)
a 7
b cbc
c copycat
d 3
e ncip
f 20
g y-gencatlg
942 ## - ADDED ENTRY ELEMENTS (KOHA)
Source of classification or shelving scheme Library of Congress Classification
Koha item type Books
Holdings
Withdrawn status Lost status Source of classification or shelving scheme Damaged status Not for loan Home library Current library Shelving location Date acquired Total Checkouts Full call number Barcode Date last seen Copy number Price effective from Koha item type
    Library of Congress Classification     WISCONSIN INTERNATIONAL UNIVERSITY COLLEGE, GHANA - MAIN LIBRARY WISCONSIN INTERNATIONAL UNIVERSITY COLLEGE, GHANA - MAIN LIBRARY   25/10/2018   TC157.5.N98 8400/220/18 25/10/2018 1 25/10/2018 Books
    Library of Congress Classification     WISCONSIN INTERNATIONAL UNIVERSITY COLLEGE, GHANA - MAIN LIBRARY WISCONSIN INTERNATIONAL UNIVERSITY COLLEGE, GHANA - MAIN LIBRARY   25/10/2018   TC157.5.N981 8401/221/18 25/10/2018 2 25/10/2018 Books
    Library of Congress Classification     WISCONSIN INTERNATIONAL UNIVERSITY COLLEGE, GHANA - MAIN LIBRARY WISCONSIN INTERNATIONAL UNIVERSITY COLLEGE, GHANA - MAIN LIBRARY   25/10/2018   TC157.5.N982 8402/222/18 25/10/2018 3 25/10/2018 Books
    Library of Congress Classification     WISCONSIN INTERNATIONAL UNIVERSITY COLLEGE, GHANA - MAIN LIBRARY WISCONSIN INTERNATIONAL UNIVERSITY COLLEGE, GHANA - MAIN LIBRARY   25/10/2018   TC157.5.N983 8403/223/18 25/10/2018 4 25/10/2018 Books
    Library of Congress Classification     WISCONSIN INTERNATIONAL UNIVERSITY COLLEGE, GHANA - MAIN LIBRARY WISCONSIN INTERNATIONAL UNIVERSITY COLLEGE, GHANA - MAIN LIBRARY   25/10/2018   TC157.5.N984 8404/224/18 25/10/2018 5 25/10/2018 Books
    Library of Congress Classification     WISCONSIN INTERNATIONAL UNIVERSITY COLLEGE, GHANA - MAIN LIBRARY WISCONSIN INTERNATIONAL UNIVERSITY COLLEGE, GHANA - MAIN LIBRARY   25/10/2018   TC157.5.N985 8405/225/18 25/10/2018 6 25/10/2018 Books

If you have any concerns or questions; kindly contact the library


© Powered by WIUC ICT DIRECTORATE